| LEADER | 01856nam a2200253 4500 | ||
|---|---|---|---|
| 082 | |a 572 |b NG527B | ||
| 100 | |a Nguyễn Bá Lộc | ||
| 245 | |a Giáo trình axit Nuclêic và sinh tổng hợp Prôtêin |c Nguyễn Bá Lộc | ||
| 260 | |a Huế: |b Thuận Hóa, |c 1994. | ||
| 300 | |a 104 tr.; |c 24 cm. | ||
| 520 | |a v.v... | ||
| 653 | |a Sinh học | ||
| 942 | |2 ddc |c STK0 | ||
| 999 | |c 7129 |d 7129 | ||
| 952 | |0 0 |1 0 |2 ddc |4 0 |6 572_000000000000000_NG527B |7 0 |8 500 |9 66272 |a qbu |b qbu |c D3 |d 2015-01-28 |o 572 NG527B |p 6422.c1 |r 0000-00-00 |w 2015-01-28 |y STK0 | ||
| 952 | |0 0 |1 0 |2 ddc |4 0 |6 572_000000000000000_NG527B |7 0 |8 500 |9 66273 |a qbu |b qbu |c D3 |d 2015-01-28 |o 572 NG527B |p 6422.c2 |r 0000-00-00 |w 2015-01-28 |y STK0 | ||
| 952 | |0 0 |1 0 |2 ddc |4 0 |6 572_000000000000000_NG527B |7 0 |8 500 |9 66274 |a qbu |b qbu |c D3 |d 2015-01-28 |o 572 NG527B |p 6422.c3 |r 0000-00-00 |w 2015-01-28 |y STK0 | ||
| 952 | |0 0 |1 0 |2 ddc |4 0 |6 572_000000000000000_NG527B |7 0 |8 500 |9 66275 |a qbu |b qbu |c D3 |d 2015-01-28 |o 572 NG527B |p 6422.c4 |r 0000-00-00 |w 2015-01-28 |y STK0 | ||
| 952 | |0 0 |1 0 |2 ddc |4 0 |6 572_000000000000000_NG527B |7 0 |8 500 |9 66276 |a qbu |b qbu |c D3 |d 2015-01-28 |o 572 NG527B |p 6422.c5 |r 0000-00-00 |w 2015-01-28 |y STK0 | ||
| 952 | |0 0 |1 0 |2 ddc |4 0 |6 572_000000000000000_NG527B |7 0 |8 500 |9 66277 |a qbu |b qbu |c D3 |d 2015-01-28 |o 572 NG527B |p 6422.c6 |r 0000-00-00 |w 2015-01-28 |y STK0 | ||
| 952 | |0 0 |1 0 |2 ddc |4 0 |6 572_000000000000000_NG527B |7 0 |8 500 |9 66278 |a qbu |b qbu |c D3 |d 2015-01-28 |o 572 NG527B |p 6422.c7 |r 0000-00-00 |w 2015-01-28 |y STK0 | ||
| 952 | |0 0 |1 0 |2 ddc |4 0 |6 572_000000000000000_NG527B |7 0 |8 500 |9 66279 |a qbu |b qbu |c D3 |d 2015-01-28 |o 572 NG527B |p 6422.c8 |r 0000-00-00 |w 2015-01-28 |y STK0 | ||
| 952 | |0 0 |1 0 |2 ddc |4 0 |6 572_000000000000000_NG527B |7 0 |8 500 |9 66280 |a qbu |b qbu |c D3 |d 2015-01-28 |o 572 NG527B |p 6422.c9 |r 0000-00-00 |w 2015-01-28 |y STK0 | ||
| 952 | |0 0 |1 0 |2 ddc |4 0 |6 572_000000000000000_NG527B |7 0 |8 500 |9 66281 |a qbu |b qbu |c D3 |d 2015-01-28 |o 572 NG527B |p 6422.c10 |r 0000-00-00 |w 2015-01-28 |y STK0 | ||